000 00426nam a22001337a 4500
020 _a9787111326403
082 _a659.1
_bRIE
100 _aRies, Al; Trout, Jack
245 _aPositioning-The Battle for Your Mind (Chinese Edition) /
_cAl Ries ; Jack Trout
260 _aSingapore :
_bChina Machine Press,
_c2011.
300 _a299 p. ;
_c24 cm.
880 _6245-02\r
_a定位-为你的思想而战 /
942 _2ddc
_cBK
999 _c591779
_d591779